Trustees, trusteeship, and the public good : issues of accountability for hospitals, museums, universities, and libraries /

Bibliographic Details
Main Author: Baughman, James C.
Format: Book
Language:English
Published: New York : Quorum Books, 1987.
Subjects:

MARC

Tag First Indicator Second Indicator Subfields
LEADER 00000cam a2200000 a 4500
001 in00000013808
005 20151007052432.0
008 861029s1987 nyu b 00110 eng
010 |a  86025574  
020 |a 0899301959 (lib. bdg. : alk. paper) 
035 |a (OCoLC)14719024 
035 |9 AAA7778AM 
040 |a DLC  |c DLC  |d TXA  |d UtOrBLW 
043 |a n-us--- 
049 |a TXAM  |c [A11463357] 
050 0 0 |a KF740  |b .B38 1987 
082 0 |a 346.73/064  |a 347.30664  |2 19 
100 1 |a Baughman, James C. 
245 1 0 |a Trustees, trusteeship, and the public good :  |b issues of accountability for hospitals, museums, universities, and libraries /  |c James C. Baughman ; foreword by William W. Crook. 
264 1 |a New York :  |b Quorum Books,  |c 1987. 
300 |a xviii, 187 pages ;  |c 25 cm. 
336 |a text  |b txt  |2 rdacontent 
337 |a unmediated  |b n  |2 rdamedia 
338 |a volume  |b nc  |2 rdacarrier 
504 |a Bibliography: pages [165]-180. 
500 |a Includes index. 
650 0 |a Charitable uses, trusts, and foundations  |z United States. 
650 0 |a Public trustees  |z United States. 
999 |a MARS 
999 f f |s 2d2389fd-2d84-3058-9207-5549acebf28b  |i 4817c04d-5a59-3e6a-bd61-ead0cbf4e360  |t 0 
952 f f |p ric  |a Texas A&M University  |b Rellis Campus  |c Joint Library Facility  |d Remote Storage  |t 0  |e KF740 .B38 1987  |h Library of Congress classification  |i unmediated -- volume  |m A14811463357 
998 f f |a KF740 .B38 1987  |t 0  |l Remote Storage